<?xml version="1.0" encoding="UTF-8"?><?xml-stylesheet type="text/xsl" href="static/style.xsl"?><OAI-PMH xmlns="http://www.openarchives.org/OAI/2.0/" xmlns:xsi="http://www.w3.org/2001/XMLSchema-instance" xsi:schemaLocation="http://www.openarchives.org/OAI/2.0/ http://www.openarchives.org/OAI/2.0/OAI-PMH.xsd"><responseDate>2026-04-14T06:57:41Z</responseDate><request verb="GetRecord" identifier="oai:www.recercat.cat:10256/18823" metadataPrefix="marc">https://recercat.cat/oai/request</request><GetRecord><record><header><identifier>oai:recercat.cat:10256/18823</identifier><datestamp>2024-06-18T12:31:47Z</datestamp><setSpec>com_2072_452955</setSpec><setSpec>com_2072_2054</setSpec><setSpec>col_2072_453072</setSpec></header><metadata><record xmlns="http://www.loc.gov/MARC21/slim" xmlns:dcterms="http://purl.org/dc/terms/" xmlns:xsi="http://www.w3.org/2001/XMLSchema-instance" xmlns:doc="http://www.lyncode.com/xoai" xsi:schemaLocation="http://www.loc.gov/MARC21/slim http://www.loc.gov/standards/marcxml/schema/MARC21slim.xsd">
   <leader>00925njm 22002777a 4500</leader>
   <datafield ind2=" " ind1=" " tag="042">
      <subfield code="a">dc</subfield>
   </datafield>
   <datafield ind2=" " ind1=" " tag="720">
      <subfield code="a">Sidera Caballero, Francesc</subfield>
      <subfield code="e">author</subfield>
   </datafield>
   <datafield ind2=" " ind1=" " tag="720">
      <subfield code="a">Serrano Ortiz, Jèssica</subfield>
      <subfield code="e">author</subfield>
   </datafield>
   <datafield ind2=" " ind1=" " tag="720">
      <subfield code="a">Amadó Codony, Anna</subfield>
      <subfield code="e">author</subfield>
   </datafield>
   <datafield ind2=" " ind1=" " tag="260">
      <subfield code="c">2012-07-05</subfield>
   </datafield>
   <datafield ind2=" " ind1=" " tag="520">
      <subfield code="a">El objetivo del presente trabajo es determinar qué papel tienen la prosodia verbal y la expresión facial en un entrenamiento de la comprensión falsa creencia basado en la denominación de objetos engañosos. Un total de 56 niños de edades comprendidas entre 40 y 47 meses participaron en el estudio. En primer lugar, se les administró un pretest para evaluar su nivel de lenguaje y de comprensión de la falsa creencia. Los participantes fueron divididos en dos condiciones experimentales. En ambas se llevó a cabo un entrenamiento de tres sesiones donde se utilizó el etiquetaje de la apariencia y de la realidad de objetos engañosos. En un de los entrenamientos se utilizó una prosodia monótona, mientras que en el otro los participantes no tenían acceso a la expresión facial del experimentador. En el postest, se evaluó la mejora y generalización de la comprensión de la falsa creencia. Los resultados indican que en ambas condiciones se mejoró la comprensión de la falsa creencia. Además, sugieren que los niños se beneficiaron de la información prosódica aunque no tanto de la expresión facial. Estos resultados se discuten en relación con la capacidad infantil de utilizar la prosodia verbal y la expresión facial para inferir estados mentales</subfield>
   </datafield>
   <datafield ind1="8" ind2=" " tag="024">
      <subfield code="a">http://hdl.handle.net/10256/18823</subfield>
   </datafield>
   <datafield tag="653" ind2=" " ind1=" ">
      <subfield code="a">Emocions en els infants</subfield>
   </datafield>
   <datafield tag="653" ind2=" " ind1=" ">
      <subfield code="a">Engany</subfield>
   </datafield>
   <datafield tag="653" ind2=" " ind1=" ">
      <subfield code="a">Emotions in children</subfield>
   </datafield>
   <datafield tag="653" ind2=" " ind1=" ">
      <subfield code="a">Deception</subfield>
   </datafield>
   <datafield ind2="0" ind1="0" tag="245">
      <subfield code="a">El papel de la prosodia verbal y de la expresión facial en el entrenamiento de la falsa creencia a través de la denominación</subfield>
   </datafield>
</record></metadata></record></GetRecord></OAI-PMH>